| 000 | 00799nam a22001577a 4500 | ||
|---|---|---|---|
| 003 | OSt | ||
| 005 | 20151009124812.0 | ||
| 008 | 151009b xxu||||| |||| 00| 0 eng d | ||
| 040 | _cRUA | ||
| 082 | _aAVM CHH 2009 B086 OR.1 | ||
| 100 |
_92452 _aCHHIM, KIMSRIV. |
||
| 245 | _aThe effect of cassava leaves and sweet potatos leaves on growth pererformance of local rabbits by using broken rice as energy source, ប្រសិទ្ធភាពនៃការប្រើប្រាស់ស្លឹកដំឡូងមីនិងដំឡូងជ្វា ទៅលើការលូតលាស់របស់ទន្សាយ ដែលមានចុងអង្កជាចំណីថាមពល | ||
| 260 |
_aPhnom Penh _bRUA _c2009 |
||
| 300 |
_axi; 42p. _bill. _c29cm. |
||
| 942 |
_2ddc _cAVM |
||
| 999 |
_c2307 _d2307 |
||